[Event "Warsaw Maciei Memorial"]
[Site "Warsaw"]
[Date "2025.07.07"]
[Round "7"]
[White "Malisauskas, Vidmantas"]
[Black "Cieslak, Patryk"]
[Result "0-1"]
[WhiteElo "2335"]
[BlackElo "2458"]
[PlyCount "84"]
[EventDate "2025.07.07"]
[EventType "swiss (blitz)"]
[EventRounds "11"]
[EventCountry "POL"]
[SourceTitle "CB28_2025"]
[SourceDate "2025.07.09"]
[SourceVersion "1"]
[SourceVersionDate "2025.07.09"]
[SourceQuality "1"]

1. e4 c6 2. d4 d5 3. exd5 cxd5 4. Bd3 Nf6 5. c3 Bg4 6. Qb3 Qc7 7. Ne2 Bxe2 8. Bxe2 e6 9. Nd2 Bd6 10. Nf3 0-0 11. Bd3 Nc6 12. 0-0 Rfe8 13. Qc2 Rac8 14. a3 e5 15. dxe5 Nxe5 16. Nxe5 Bxe5 17. h3 d4 18. c4 h6 19. Bd2 Nd5 20. Rae1 Nf4 21. Bxf4 Bxf4 22. Rxe8+ Rxe8 23. Qa4 Qb8 24. c5 Be5 25. Qc4 Qc7 26. b4 a6 27. Rc1 Bf4 28. Rd1 Bh2+ 29. Kh1 Be5 30. a4 Rc8 31. Be4 Bf6 32. Bf3 a5 33. bxa5 Qxa5 34. Bd5 Qxc5 35. Bxf7+ Kf8 36. Qe6 Qc6 37. Rb1 Qxe6 38. Bxe6 Rc7 39. Bd5 d3 40. Rd1 Be5 41. g3 Rc3 42. Bxb7 Bd4 0-1

[Event "Ceske Budejovice GM-A"]
[Site "Ceske Budejovice"]
[Date "2025.07.05"]
[Round "8"]
[White "Cieslak, Patryk"]
[Black "Zeman, Matyas"]
[Result "1-0"]
[WhiteElo "2442"]
[BlackElo "2318"]
[PlyCount "39"]
[EventDate "2025.06.28"]
[EventType "tourn"]
[EventRounds "9"]
[EventCountry "CZE"]
[EventCategory "10"]
[SourceTitle "CB28_2025"]
[SourceDate "2025.07.09"]
[SourceVersion "1"]
[SourceVersionDate "2025.07.09"]
[SourceQuality "1"]

1. e4 c5 2. Nf3 Nc6 3. Nc3 g6 4. d4 cxd4 5. Nxd4 Bg7 6. Be3 Nf6 7. Nb3 0-0 8. Qd2 a5 9. a4 d6 10. f3 Be6 11. 0-0-0 Rc8 12. Kb1 Nb4 13. Nd4 Bd7 14. g4 h5 15. gxh5 Nxh5 16. Be2 e5 17. Ndb5 Bxb5 18. Bxb5 d5 19. Nxd5 Nxc2 20. Rc1 1-0

[Event "Ceske Budejovice GM-A"]
[Site "Ceske Budejovice"]
[Date "2025.07.01"]
[Round "4"]
[White "Cieslak, Patryk"]
[Black "Donchenko, Alexander"]
[Result "1/2-1/2"]
[WhiteElo "2442"]
[BlackElo "2613"]
[PlyCount "112"]
[EventDate "2025.06.28"]
[EventType "tourn"]
[EventRounds "9"]
[EventCountry "CZE"]
[EventCategory "10"]
[SourceTitle "CB28_2025"]
[SourceDate "2025.07.09"]
[SourceVersion "1"]
[SourceVersionDate "2025.07.09"]
[SourceQuality "1"]

1. e4 c5 2. Nf3 e6 3. d4 cxd4 4. Nxd4 Nc6 5. Be2 Nf6 6. Nc3 Bb4 7. 0-0 Bxc3 8. bxc3 Nxe4 9. Nxc6 dxc6 10. Bd3 Nc5 11. Qg4 Qf6 12. Bg5 Qxc3 13. Rad1 h6 14. Be3 0-0 15. Bxh6 f5 16. Qg6 Qf6 17. Qxf6 Rxf6 18. Bf4 b6 19. Rfe1 Nxd3 20. Rxd3 Ba6 21. Rc3 Re8 22. Ra3 Bc4 23. Rxa7 Rf7 24. Rxf7 Kxf7 25. a4 Ra8 26. Bc7 Rxa4 27. Bxb6 Ra2 28. c3 g5 29. Bd4 g4 30. Be5 Kg6 31. h3 gxh3 32. gxh3 Bd5 33. f4 c5 34. Re3 Rg2+ 35. Kf1 c4 36. Bd4 Kf7 37. Be5 Ke7 38. Bd4 Kd7 39. Re2 Rg3 40. Re3 Rg8 41. Kf2 Rg2+ 42. Kf1 Rh2 43. Kg1 Rd2 44. Kf1 Be4 45. Rg3 Kc6 46. Ke1 Rc2 47. Rg8 Rh2 48. Rc8+ Kb5 49. Re8 Bd5 50. Rh8 Ka4 51. Rb8 Ka3 52. Be5 Ka2 53. h4 Be4 54. h5 Rxh5 55. Rh8 Rxh8 56. Bxh8 Kb3 1/2-1/2

[Event "WchT Blitz Pool D"]
[Site "London"]
[Date "2025.06.14"]
[Round "7.4"]
[White "Badacsonyi, Frankie"]
[Black "Cieslak, Patryk"]
[Result "0-1"]
[WhiteElo "2189"]
[BlackElo "2442"]
[PlyCount "104"]
[EventDate "2025.06.14"]
[EventType "team-tourn"]
[EventRounds "13"]
[EventCountry "ENG"]
[SourceTitle "CB25_2025"]
[SourceDate "2025.06.18"]
[SourceVersion "1"]
[SourceVersionDate "2025.06.18"]
[SourceQuality "1"]
[WhiteTeam "English Knightmares"]
[BlackTeam "Katowice Hetman"]
[WhiteTeamCountry "ENG"]
[BlackTeamCountry "POL"]

1. d4 Nf6 2. c4 e6 3. Nf3 d5 4. Nc3 Bb4 5. cxd5 exd5 6. Bg5 Nbd7 7. e3 h6 8. Bh4 g5 9. Bg3 Ne4 10. Qc2 h5 11. h4 Nxg3 12. fxg3 Qe7 13. Kf2 Nf6 14. Ne5 Bxc3 15. bxc3 Ne4+ 16. Kg1 Nxg3 17. Rh2 f6 18. Nf3 Qxe3+ 19. Qf2 Qxf2+ 20. Kxf2 Ne4+ 21. Ke3 g4 22. Nd2 0-0 23. Nxe4 Re8 24. g3 Rxe4+ 25. Kd2 Re7 26. Bd3 Kg7 27. Rf2 Bd7 28. Bf5 Bb5 29. Bd3 Bd7 30. Bf5 Be8 31. Rb1 b6 32. Re1 Rxe1 33. Kxe1 Bg6 34. Bd7 Rd8 35. Bc6 Rd6 36. Ba4 Re6+ 37. Kd2 c6 38. Bb3 Be4 39. a3 Kg6 40. Bd1 f5 41. Bb3 Kf6 42. Rf1 Bf3 43. Rf2 c5 44. Bc2 cxd4 45. cxd4 Re7 46. Bd3 Rc7 47. Rf1 Be4 48. Ra1 Bxd3 49. Kxd3 f4 50. gxf4 Kf5 51. a4 g3 52. a5 bxa5 0-1

[Event "WchT Rapid"]
[Site "London"]
[Date "2025.06.13"]
[Round "10.4"]
[White "Maurizzi, Marc Andria"]
[Black "Cieslak, Patryk"]
[Result "0-1"]
[WhiteElo "2472"]
[BlackElo "2220"]
[PlyCount "90"]
[EventDate "2025.06.11"]
[EventType "team-swiss"]
[EventRounds "12"]
[EventCountry "ENG"]
[SourceTitle "CB25_2025"]
[SourceDate "2025.06.18"]
[SourceVersion "1"]
[SourceVersionDate "2025.06.18"]
[SourceQuality "1"]
[WhiteTeam "Knight Dance"]
[BlackTeam "Katowice Hetman"]
[WhiteTeamCountry "FRA"]
[BlackTeamCountry "POL"]

1. e4 c5 2. Nf3 d6 3. c3 Nf6 4. Be2 Bd7 5. Qc2 Qc7 6. 0-0 g6 7. d4 cxd4 8. Nxd4 Bg7 9. c4 Nc6 10. Be3 Nxd4 11. Bxd4 b5 12. Nc3 e5 13. Be3 b4 14. Nd5 Nxd5 15. exd5 f5 16. a3 f4 17. Bd2 Bf5 18. Bd3 b3 19. Qxb3 Rb8 20. Qa4+ Bd7 21. Qc2 e4 22. Bxe4 Rxb2 23. Qd3 0-0 24. Rac1 Be5 25. c5 Bb5 26. Qh3 Rxd2 27. Rfe1 Bd7 28. Qh6 Bg7 29. Qg5 Qd8 30. Qxd8 Rxd8 31. c6 Bc8 32. f3 Kf8 33. Rb1 Rb2 34. Rbc1 Re8 35. Rc4 Rb5 36. Rd1 Be5 37. h3 Ke7 38. Kh2 a5 39. h4 Rc5 40. Rxc5 dxc5 41. Rb1 Bc7 42. h5 gxh5 43. Bxh7 Kd6 44. Be4 Re5 45. Kg1 Bf5 0-1

[Event "WchT Rapid"]
[Site "London"]
[Date "2025.06.12"]
[Round "6.4"]
[White "Moreby, James"]
[Black "Cieslak, Patryk"]
[Result "0-1"]
[WhiteElo "2210"]
[BlackElo "2220"]
[PlyCount "42"]
[EventDate "2025.06.11"]
[EventType "team-swiss"]
[EventRounds "12"]
[EventCountry "ENG"]
[SourceTitle "CB25_2025"]
[SourceDate "2025.06.18"]
[SourceVersion "1"]
[SourceVersionDate "2025.06.18"]
[SourceQuality "1"]
[WhiteTeam "Sharks 4NCL"]
[BlackTeam "Katowice Hetman"]
[WhiteTeamCountry "ENG"]
[BlackTeamCountry "POL"]

1. c4 e6 2. Nf3 d5 3. g3 Nf6 4. Bg2 dxc4 5. Na3 Bxa3 6. bxa3 b5 7. Ne5 Nd5 8. d3 Qf6 9. f4 0-0 10. dxc4 bxc4 11. Qc2 Nd7 12. Nxd7 Bxd7 13. Rb1 Qd4 14. Qd2 Qc5 15. e4 Nf6 16. Qe2 Rab8 17. Rxb8 Rxb8 18. Bf3 Rb1 19. Kd2 Qd4+ 20. Kc2 Rb8 21. Qd2 Ba4# 0-1

[Event "WchT Rapid"]
[Site "London"]
[Date "2025.06.12"]
[Round "7.4"]
[White "Sarana, Alexey"]
[Black "Cieslak, Patryk"]
[Result "1-0"]
[WhiteElo "2603"]
[BlackElo "2220"]
[PlyCount "91"]
[EventDate "2025.06.11"]
[EventType "team-swiss"]
[EventRounds "12"]
[EventCountry "ENG"]
[SourceTitle "CB25_2025"]
[SourceDate "2025.06.18"]
[SourceVersion "1"]
[SourceVersionDate "2025.06.18"]
[SourceQuality "1"]
[WhiteTeam "Freedom"]
[BlackTeam "Katowice Hetman"]
[WhiteTeamCountry "IND"]
[BlackTeamCountry "POL"]

1. d4 Nf6 2. c4 e6 3. Nc3 Bb4 4. e3 0-0 5. Bd3 d5 6. a3 dxc4 7. Bxh7+ Nxh7 8. axb4 Nc6 9. b5 Nb4 10. Nf3 Nd3+ 11. Kf1 Nf6 12. h3 e5 13. Nxe5 Nxe5 14. dxe5 Qxd1+ 15. Nxd1 Nd7 16. f4 Nc5 17. Nc3 Bf5 18. g4 Bd3+ 19. Kf2 Ne4+ 20. Kf3 Nxc3 21. bxc3 Rfe8 22. Rh2 Re6 23. Rha2 Rb6 24. Rxa7 Rxa7 25. Rxa7 Rxb5 26. Ra8+ Kh7 27. Rf8 Rb3 28. Rxf7 Rxc3 29. Bb2 Rb3 30. Ba1 c5 31. e6 c3 32. f5 Kg8 33. Bxc3 Rxc3 34. Rxb7 Kf8 35. Rf7+ Kg8 36. Rc7 Kf8 37. Rc8+ Ke7 38. Rg8 Bb5 39. Rxg7+ Kd6 40. e7 Bc6+ 41. Kf2 Rc2+ 42. Kg3 Rg2+ 43. Kf4 Rf2+ 44. Kg5 c4 45. Rg6+ Kxe7 46. Rxc6 1-0

[Event "WchT Rapid"]
[Site "London"]
[Date "2025.06.11"]
[Round "2.4"]
[White "Cieslak, Patryk"]
[Black "Vokhidov, Shamsiddin"]
[Result "1/2-1/2"]
[WhiteElo "2220"]
[BlackElo "2519"]
[PlyCount "136"]
[EventDate "2025.06.11"]
[EventType "team-swiss"]
[EventRounds "12"]
[EventCountry "ENG"]
[SourceTitle "CB25_2025"]
[SourceDate "2025.06.18"]
[SourceVersion "1"]
[SourceVersionDate "2025.06.18"]
[SourceQuality "1"]
[WhiteTeam "Katowice Hetman"]
[BlackTeam "Uzbekistan"]
[WhiteTeamCountry "POL"]
[BlackTeamCountry "UZB"]

1. e4 c5 2. Nf3 e6 3. d4 cxd4 4. Nxd4 Nc6 5. Nc3 Qc7 6. Be3 a6 7. Qd2 Nf6 8. 0-0-0 Be7 9. f4 b5 10. e5 b4 11. exf6 bxc3 12. Qxc3 Bxf6 13. g4 h6 14. h4 Bb7 15. Rh2 Rc8 16. Qd2 Nxd4 17. Bxd4 Bf3 18. Bxf6 gxf6 19. Be2 Be4 20. Bxa6 Rb8 21. Qe3 Qc6 22. Bd3 Bf3 23. Be2 Be4 24. Bd3 Bf3 25. Rg1 Ke7 26. Rf2 Bd5 27. Qd4 Qb6 28. Qxb6 Rxb6 29. b3 Rc8 30. Kb2 Bc6 31. c4 d6 32. g5 hxg5 33. hxg5 Rh8 34. f5 fxg5 35. f6+ Kd7 36. Rxg5 Rbb8 37. Rg7 Rbf8 38. Bh7 e5 39. Bf5+ Kd8 40. Rd2 Kc7 41. Bg6 Rh6 42. Bxf7 Rxf6 43. Bd5+ Kb6 44. Bxc6 Kxc6 45. Rgg2 Re8 46. Rge2 Rf3 47. Re4 Rf4 48. Rxf4 exf4 49. Rf2 Rf8 50. Kc3 d5 51. Kd4 dxc4 52. Kxc4 f3 53. Kd3 Kc5 54. Ke4 Kb4 55. Rxf3 Ra8 56. Rf2 Rd8 57. Rf7 Ra8 58. Rf2 Rd8 59. Ke3 Kc3 60. Rf7 Re8+ 61. Kf3 Ra8 62. Rc7+ Kb2 63. b4 Kxa2 64. b5 Rb8 65. Rc5 Kb3 66. Ke4 Kb4 67. Re5 Rxb5 68. Rxb5+ Kxb5 1/2-1/2

[Event "WchT Rapid"]
[Site "London"]
[Date "2025.06.11"]
[Round "4.4"]
[White "Xu, Yuanyuan"]
[Black "Cieslak, Patryk"]
[Result "1-0"]
[WhiteElo "2251"]
[BlackElo "2220"]
[PlyCount "177"]
[EventDate "2025.06.11"]
[EventType "team-swiss"]
[EventRounds "12"]
[EventCountry "ENG"]
[SourceTitle "CB25_2025"]
[SourceDate "2025.06.18"]
[SourceVersion "1"]
[SourceVersionDate "2025.06.18"]
[SourceQuality "1"]
[WhiteTeam "Turkish Airlines Sports"]
[BlackTeam "Katowice Hetman"]
[WhiteTeamCountry "TUR"]
[BlackTeamCountry "POL"]

1. d4 e6 2. c4 Nf6 3. Nc3 Bb4 4. Qc2 h6 5. Bd2 0-0 6. a3 Bxc3 7. Bxc3 d6 8. e4 Nfd7 9. Nf3 e5 10. dxe5 dxe5 11. Nxe5 Nxe5 12. Bxe5 Re8 13. Bc3 Qg5 14. Bd3 Bg4 15. Qd2 Qg6 16. f3 Be6 17. g4 Nd7 18. e5 Qg5 19. Qxg5 hxg5 20. 0-0-0 Nc5 21. Be2 Na4 22. Bd4 c5 23. Bf2 b5 24. cxb5 Bb3 25. Rd3 c4 26. Re3 Rab8 27. Bd1 Rxb5 28. Bxb3 cxb3 29. Rhe1 Nb6 30. e6 Rc8+ 31. Kb1 fxe6 32. Rxe6 Nc4 33. R6e2 Rd5 34. Be3 Ne5 35. Rf1 Rd3 36. Rc1 Ra8 37. Rc4 Rc3 38. bxc3 Nxc4 39. Bxg5 Rb8 40. Bc1 a5 41. a4 Rc8 42. Re7 Nb6 43. Kb2 Nxa4+ 44. Kxb3 Nc5+ 45. Kc2 Na4 46. Re3 Nb6 47. Re5 Nc4 48. Re7 Nb6 49. Ra7 Nc4 50. h4 Rf8 51. f4 Rc8 52. h5 Nd6 53. Rxa5 Ne4 54. Bb2 Nf6 55. Rg5 Kf7 56. Kd3 Rd8+ 57. Ke3 Rb8 58. Bc1 Rb1 59. Bd2 Rg1 60. Kf3 Rf1+ 61. Kg2 Rd1 62. Be3 Ne4 63. Rf5+ Kg8 64. Bd4 Rd3 65. Re5 Nxc3 66. Bxc3 Rxc3 67. Kf2 Kf7 68. Re3 Rc1 69. Kg3 Rg1+ 70. Kf3 Rf1+ 71. Ke4 Ra1 72. Kf5 Rh1 73. Ra3 Rb1 74. Ra7+ Kg8 75. Kg5 Rb5+ 76. f5 Rb6 77. Re7 Rb4 78. Re6 Kf7 79. h6 Rb3 80. hxg7 Kxg7 81. Re7+ Kf8 82. Ra7 Rb6 83. f6 Rb4 84. Kf5 Rc4 85. g5 Rc8 86. Kg6 Kg8 87. Rg7+ Kf8 88. Rh7 Rc6 89. Rh8# 1-0

[Event "POL-chT Ekstraliga"]
[Site "Chotowa"]
[Date "2025.06.08"]
[Round "7.3"]
[White "Antoniewski, Rafal"]
[Black "Cieslak, Patryk"]
[Result "1/2-1/2"]
[WhiteElo "2441"]
[BlackElo "2442"]
[PlyCount "46"]
[EventDate "2025.06.02"]
[EventType "team-tourn"]
[EventRounds "9"]
[EventCountry "POL"]
[SourceTitle "CB24_2025"]
[SourceDate "2025.06.11"]
[SourceVersion "1"]
[SourceVersionDate "2025.06.11"]
[SourceQuality "1"]
[WhiteTeam "Miedzyborow Wrzos"]
[BlackTeam "Dabrowa Gornicza Zaglebie"]
[WhiteTeamCountry "POL"]
[BlackTeamCountry "POL"]

1. Nf3 d5 2. e3 c5 3. d4 Nc6 4. dxc5 e6 5. c4 Bxc5 6. cxd5 exd5 7. Nc3 Nf6 8. Be2 0-0 9. 0-0 a6 10. b3 d4 11. Na4 Ba7 12. Nxd4 Nxd4 13. exd4 Bxd4 14. Bb2 Bxb2 15. Nxb2 Be6 16. Bf3 Bd5 17. Qd3 Bxf3 18. Qxf3 Qd5 19. Qxd5 Nxd5 20. Rfd1 Rfd8 21. Rac1 Nb4 22. a3 Nc6 23. Kf1 Nd4 1/2-1/2

[Event "POL-chT Ekstraliga"]
[Site "Chotowa"]
[Date "2025.06.07"]
[Round "6.3"]
[White "Cieslak, Patryk"]
[Black "Gumularz, Szymon"]
[Result "1/2-1/2"]
[WhiteElo "2442"]
[BlackElo "2605"]
[PlyCount "53"]
[EventDate "2025.06.02"]
[EventType "team-tourn"]
[EventRounds "9"]
[EventCountry "POL"]
[SourceTitle "CB24_2025"]
[SourceDate "2025.06.11"]
[SourceVersion "1"]
[SourceVersionDate "2025.06.11"]
[SourceQuality "1"]
[WhiteTeam "Dabrowa Gornicza Zaglebie"]
[BlackTeam "Wroclaw Polonia"]
[WhiteTeamCountry "POL"]
[BlackTeamCountry "POL"]

1. e4 c5 2. Nf3 d6 3. d4 cxd4 4. Nxd4 Nf6 5. Nc3 a6 6. Be3 e5 7. Nb3 Be7 8. Rg1 h5 9. h3 h4 10. Qf3 Nbd7 11. 0-0-0 b5 12. g4 hxg3 13. Qxg3 g6 14. Qg2 Bb7 15. f4 Rc8 16. Nd5 Nxd5 17. exd5 Nf6 18. Kb1 exf4 19. Bxf4 Rh5 20. Be2 Rxd5 21. Rc1 Rc4 22. Qh2 Ra4 23. Rce1 Rf5 24. Rgf1 Ne4 25. Bg4 Rd5 26. Bf3 Rf5 27. Bg4 1/2-1/2

[Event "POL-chT Ekstraliga"]
[Site "Chotowa"]
[Date "2025.06.03"]
[Round "2.3"]
[White "Piorun, Kacper"]
[Black "Cieslak, Patryk"]
[Result "1/2-1/2"]
[WhiteElo "2579"]
[BlackElo "2442"]
[PlyCount "128"]
[EventDate "2025.06.02"]
[EventType "team-tourn"]
[EventRounds "9"]
[EventCountry "POL"]
[SourceTitle "CB24_2025"]
[SourceDate "2025.06.11"]
[SourceVersion "1"]
[SourceVersionDate "2025.06.11"]
[SourceQuality "1"]
[WhiteTeam "Katowice Hetman"]
[BlackTeam "Dabrowa Gornicza Zaglebie"]
[WhiteTeamCountry "POL"]
[BlackTeamCountry "POL"]

1. d4 Nf6 2. Nf3 d5 3. c4 e6 4. g3 dxc4 5. Bg2 Bb4+ 6. Bd2 a5 7. 0-0 0-0 8. Bg5 h6 9. Bxf6 Qxf6 10. Qc2 c6 11. Qxc4 Nd7 12. a3 Bd6 13. Nc3 e5 14. Ne4 Qe7 15. Nh4 Nb6 16. Qb3 Be6 17. Qc3 exd4 18. Qxd4 Bc7 19. Nc5 Bc8 20. Rac1 Rd8 21. Qc3 Bd6 22. Ne4 Be5 23. Qb3 Qc7 24. Nf3 Be6 25. Qc2 Bd5 26. Nxe5 Qxe5 27. Nc5 Bxg2 28. Kxg2 Qc7 29. Rfd1 Nd7 30. Na4 Nf8 31. Nc5 Nd7 32. Nxd7 Rxd7 33. Rxd7 Qxd7 34. Rd1 Qe7 35. Qd3 Re8 36. e3 Qe5 37. Qd7 Qe4+ 38. Kg1 Qe7 39. Rd4 g6 40. h4 h5 41. Kf1 Kf8 42. Ke2 Rb8 43. e4 Re8 44. Kd3 Qe5 45. Qxb7 Rb8 46. Qxc6 Rb3+ 47. Kc2 Rxb2+ 48. Kxb2 Qxd4+ 49. Qc3 Qxe4 50. Qxa5 Qe2+ 51. Kb3 Qd1+ 52. Kc4 Qe2+ 53. Kd5 Qf3+ 54. Kd6 Qxf2 55. Qc3 Qb6+ 56. Kd5 Qb7+ 57. Kd4 Kg8 58. Ke3 Qg2 59. Kf4 Qf2+ 60. Ke5 Qe2+ 61. Kd4 Qa6 62. Qd3 Qd6+ 63. Kc4 Qa6+ 64. Kd4 Qd6+ 1/2-1/2

[Event "Katowice rapid op"]
[Site "Katowice"]
[Date "2025.05.31"]
[Round "6"]
[White "Cieslak, Patryk"]
[Black "Siedlinski, Piotr"]
[Result "1-0"]
[WhiteElo "2220"]
[BlackElo "2020"]
[PlyCount "121"]
[EventDate "2025.05.31"]
[EventType "swiss"]
[EventRounds "11"]
[EventCountry "POL"]
[SourceTitle "CB24_2025"]
[SourceDate "2025.06.11"]
[SourceVersion "1"]
[SourceVersionDate "2025.06.11"]
[SourceQuality "1"]

1. c4 e6 2. Nf3 d5 3. g3 Nd7 4. Bg2 dxc4 5. Qa4 Rb8 6. Qxc4 b5 7. Qc2 Bb7 8. 0-0 Ngf6 9. b3 c5 10. Bb2 Be7 11. Nc3 a6 12. a4 Qb6 13. d3 0-0 14. axb5 axb5 15. e4 Rfd8 16. Rfd1 c4 17. bxc4 bxc4 18. dxc4 Bxe4 19. Nxe4 Qxb2 20. Qxb2 Rxb2 21. Nxf6+ Bxf6 22. h4 Kf8 23. Ra7 Nc5 24. Rxd8+ Bxd8 25. Ra8 Ke7 26. Ra7+ Kf8 27. Ne5 f6 28. Ra8 fxe5 29. Rxd8+ Ke7 30. Rg8 Kf7 31. Rc8 Nd3 32. c5 Nxf2 33. c6 Ng4 34. Be4 Re2 35. c7 Re1+ 36. Kg2 Rc1 37. Bxh7 g6 38. Bxg6+ Kg7 39. h5 Ne3+ 40. Kf3 Nd5 41. h6+ Kxh6 42. Rh8+ Kxg6 43. c8Q Rxc8 44. Rxc8 Nf6 45. Rf8 Kg5 46. Rf7 Kg6 47. Ra7 Kf5 48. Ra5 Nd5 49. Ra4 Nf6 50. Rh4 e4+ 51. Ke3 Nd5+ 52. Kf2 e3+ 53. Kf3 e5 54. Rc4 Ke6 55. g4 Kf6 56. Rc5 Ke6 57. Rc6+ Kf7 58. Rd6 Nf6 59. g5 Ne8 60. Rc6 Ng7 61. Kxe3 1-0

[Event "Titled Tuesday intern op 06th May Early"]
[Site "Chess.com INT"]
[Date "2025.05.06"]
[Round "1"]
[White "Dobre, Claudiu Cristian"]
[Black "Cieslak, Patryk"]
[Result "0-1"]
[WhiteElo "2265"]
[BlackElo "2442"]
[PlyCount "122"]
[EventDate "2025.05.06"]
[EventType "swiss (blitz)"]
[EventRounds "11"]
[EventCountry "USA"]
[SourceTitle "CB20_2025"]
[SourceDate "2025.05.14"]
[SourceVersion "1"]
[SourceVersionDate "2025.05.14"]
[SourceQuality "1"]

1. d4 d6 2. c4 e5 3. Nc3 exd4 4. Qxd4 Nc6 5. Qd2 g6 6. b3 Bg7 7. Bb2 Nf6 8. g3 a5 9. Bg2 0-0 10. Nh3 Re8 11. 0-0 Bf5 12. Nf4 Nd7 13. Nfd5 Nc5 14. Nb5 Rc8 15. Bxg7 Kxg7 16. Qb2+ f6 17. Rad1 Ne5 18. Ndxc7 Rxc7 19. Nxd6 Rd7 20. Nxe8+ Qxe8 21. Rxd7+ Qxd7 22. f3 Qd6 23. Qc3 b6 24. e4 Bd7 25. f4 Nc6 26. Re1 Nd3 27. Re3 Ncb4 28. Kf1 Bg4 29. Bf3 Bh3+ 30. Ke2 Nxa2 31. Qxd3 Nc1+ 32. Kd2 Nxd3 33. Rxd3 Qb4+ 34. Kc2 Be6 35. e5 fxe5 36. fxe5 a4 37. Bd5 Bxd5 38. cxd5 axb3+ 39. Rxb3 Qc4+ 40. Rc3 Qxd5 41. Re3 Kf7 42. e6+ Ke7 43. h4 Qc5+ 44. Kd3 b5 45. Re4 Qd6+ 46. Ke2 Qc6 47. Re3 h6 48. g4 Qc4+ 49. Kf2 g5 50. hxg5 hxg5 51. Kf3 Qf4+ 52. Ke2 Qxg4+ 53. Kd3 Qc4+ 54. Kd2 g4 55. Re2 Qd4+ 56. Kc2 Qc4+ 57. Kd2 b4 58. Rh2 Qc3+ 59. Kd1 Qa1+ 60. Kc2 Qa2+ 61. Kd3 Qxh2 0-1

[Event "San Vicente op 9th"]
[Site "San Vicente"]
[Date "2025.04.21"]
[Round "9"]
[White "Cieslak, Patryk"]
[Black "Dragnev, Valentin"]
[Result "1/2-1/2"]
[WhiteElo "2432"]
[BlackElo "2538"]
[PlyCount "51"]
[EventDate "2025.04.16"]
[EventType "swiss"]
[EventRounds "9"]
[EventCountry "ESP"]
[SourceTitle "CB17_2025"]
[SourceDate "2025.04.23"]
[SourceVersion "1"]
[SourceVersionDate "2025.04.23"]
[SourceQuality "1"]

1. e4 e6 2. d4 d5 3. Nc3 Nf6 4. e5 Nfd7 5. f4 c5 6. Nf3 Nc6 7. Be3 Be7 8. Qd2 a6 9. Bd3 0-0 10. dxc5 Nxc5 11. Be2 b5 12. a3 Qc7 13. Nd4 Bb7 14. 0-0 Rac8 15. Nxc6 Qxc6 16. Bd4 Ne4 17. Nxe4 dxe4 18. Qe3 f6 19. c3 fxe5 20. Bxe5 Bc5 21. Bd4 Bxd4 22. Qxd4 Qc7 23. Qe3 e5 24. fxe5 Qxe5 25. Rad1 Qe7 26. Rxf8+ 1/2-1/2

[Event "San Vicente op 9th"]
[Site "San Vicente"]
[Date "2025.04.20"]
[Round "8"]
[White "Heberla, Bartlomiej"]
[Black "Cieslak, Patryk"]
[Result "1/2-1/2"]
[WhiteElo "2523"]
[BlackElo "2432"]
[PlyCount "78"]
[EventDate "2025.04.16"]
[EventType "swiss"]
[EventRounds "9"]
[EventCountry "ESP"]
[SourceTitle "CB17_2025"]
[SourceDate "2025.04.23"]
[SourceVersion "1"]
[SourceVersionDate "2025.04.23"]
[SourceQuality "1"]

1. d4 Nf6 2. c4 e6 3. Nc3 Bb4 4. e3 0-0 5. Bd2 c5 6. a3 Bxc3 7. Bxc3 Ne4 8. Ne2 b6 9. d5 Ba6 10. Qc2 exd5 11. cxd5 Nxc3 12. Qxc3 Bxe2 13. Bxe2 d6 14. 0-0 Qe7 15. Bd3 Nd7 16. e4 a6 17. a4 Ne5 18. Bc2 b5 19. f4 Nd7 20. Rae1 f6 21. Qh3 g6 22. Rf3 c4 23. Rg3 Rf7 24. Rge3 Qd8 25. Kh1 Qb6 26. Qg4 Qd4 27. h4 Qxb2 28. R1e2 Qa1+ 29. Kh2 Nf8 30. e5 fxe5 31. fxe5 dxe5 32. Rxe5 Qf1 33. d6 Qf6 34. Qg3 Rd8 35. axb5 axb5 36. Rxb5 Rxd6 37. Rf5 Qd8 38. Rxf7 Kxf7 39. Re4 Ne6 1/2-1/2

[Event "San Vicente op 9th"]
[Site "San Vicente"]
[Date "2025.04.18"]
[Round "5"]
[White "Cieslak, Patryk"]
[Black "Perea Fruet, Lorenzo"]
[Result "1/2-1/2"]
[WhiteElo "2432"]
[BlackElo "2374"]
[PlyCount "37"]
[EventDate "2025.04.16"]
[EventType "swiss"]
[EventRounds "9"]
[EventCountry "ESP"]
[SourceTitle "CB17_2025"]
[SourceDate "2025.04.23"]
[SourceVersion "1"]
[SourceVersionDate "2025.04.23"]
[SourceQuality "1"]

1. Nf3 d5 2. d4 Nf6 3. c4 e6 4. Nc3 Nbd7 5. Bf4 Bb4 6. cxd5 exd5 7. e3 Ne4 8. Qc2 g5 9. Bg3 h5 10. Bd3 h4 11. Bxe4 dxe4 12. Qxe4+ Kf8 13. Be5 Bxc3+ 14. bxc3 f6 15. Qg6 Rg8 16. Qh6+ Kf7 17. Qh7+ Kf8 18. Qh6+ Kf7 19. Qh7+ 1/2-1/2

[Event "San Vicente op 9th"]
[Site "San Vicente"]
[Date "2025.04.18"]
[Round "4"]
[White "Tanriverdi, Enes"]
[Black "Cieslak, Patryk"]
[Result "1/2-1/2"]
[WhiteElo "2388"]
[BlackElo "2432"]
[PlyCount "77"]
[EventDate "2025.04.16"]
[EventType "swiss"]
[EventRounds "9"]
[EventCountry "ESP"]
[SourceTitle "CB17_2025"]
[SourceDate "2025.04.23"]
[SourceVersion "1"]
[SourceVersionDate "2025.04.23"]
[SourceQuality "1"]

1. e4 e5 2. Nf3 Nc6 3. Bc4 Nf6 4. d3 a6 5. a4 h6 6. Nc3 Bc5 7. Be3 d6 8. h3 Bxe3 9. fxe3 Be6 10. Nd2 0-0 11. 0-0 a5 12. Kh1 Nb4 13. Bb3 Qe7 14. Qe2 Bxb3 15. Nxb3 c6 16. Rf2 Ne8 17. Raf1 Nc7 18. Qd1 d5 19. Nd2 Ne6 20. exd5 Nxd5 21. Nxd5 cxd5 22. e4 dxe4 23. Nxe4 Nc5 24. Nf6+ Kh8 25. Nd5 Qd6 26. Ne3 Qd7 27. b3 f6 28. Qh5 Ne6 29. Qg4 Qd4 30. Qg3 Qd7 31. Qg4 Qd4 32. Qg3 Qd7 33. Nc4 Qe7 34. Qh4 Qe8 35. Qg4 Nd4 36. Qe4 Qe7 37. Qe1 Nc6 38. Qe3 Rad8 39. Qe1 1/2-1/2

[Event "Titled Tuesday intern op 01st Apr Late"]
[Site "Chess.com INT"]
[Date "2025.04.01"]
[Round "2"]
[White "Brancaleoni, Maurizio"]
[Black "Cieslak, Patryk"]
[Result "0-1"]
[WhiteElo "2185"]
[BlackElo "2432"]
[PlyCount "126"]
[EventDate "2025.04.01"]
[EventType "swiss (blitz)"]
[EventRounds "11"]
[EventCountry "USA"]
[SourceTitle "CB15_2025"]
[SourceDate "2025.04.09"]
[SourceVersion "1"]
[SourceVersionDate "2025.04.09"]
[SourceQuality "1"]

1. Nf3 d6 2. d4 Nf6 3. c4 Nbd7 4. Nc3 e5 5. e4 Be7 6. Be2 0-0 7. 0-0 c6 8. Be3 Re8 9. d5 Qc7 10. a3 h6 11. Rc1 a6 12. dxc6 bxc6 13. b4 Nf8 14. a4 Ng4 15. Bd2 Ne6 16. b5 Bd7 17. bxc6 Bxc6 18. Nd5 Bxd5 19. cxd5 Nc5 20. Ne1 Nf6 21. f3 Qd7 22. Nd3 Nxa4 23. Nb4 Nc5 24. Nc6 Rec8 25. Be3 Qc7 26. Bxc5 dxc5 27. Qc2 Bd6 28. Rb1 Nd7 29. Rb2 Nb8 30. Bc4 Nxc6 31. dxc6 Rcb8 32. Rfb1 Rb4 33. Bd5 a5 34. Ra2 Qb6 35. Rba1 Bc7 36. h3 Qb5 37. Kh2 g6 38. Qf2 Kg7 39. Qc2 Qb6 40. Qc3 Bd6 41. Qc2 Qc7 42. Qc3 Ra7 43. Qc2 h5 44. Qc3 Bf8 45. Qc2 Be7 46. Qc3 Bd6 47. Qc2 Qd8 48. Qc3 h4 49. Qe3 a4 50. Qd2 Qe7 51. Qe3 Qf6 52. Qd2 Qd8 53. Qe3 Qe7 54. Qd2 c4 55. Qe3 Bc5 56. Qd2 Bd4 57. Rc1 c3 58. Rxc3 Bxc3 59. Qxc3 Rd4 60. Rc2 Rc7 61. Qa5 Qd6 62. Ra2 Rc8 63. Rxa4 Qf6 0-1